| 000 | 00889nam a2200193 a 4500 | ||
|---|---|---|---|
| 005 | 20210219151321.0 | ||
| 008 | 991125s1976 mx 000 0 spa u | ||
| 035 | _aUPN01000031919 | ||
| 049 | _aCG | ||
| 050 | 4 |
_aLE7.2931 U175 _b1976 |
|
| 245 | 0 | 0 |
_aInterpretación de la legislación de la UNAM 1973-1976 / _cUniversidad Nacional Autónoma de México, Comisión Técnica de Estudios y Proyectos Legislativos |
| 260 |
_aMéxico : _bUNAM, Comisión Técnica de Estudios y Proyectos Legislativos, _c1976 |
||
| 300 | _a213 p | ||
| 440 | 0 | _aUniversidad Nacional Autónoma de México. Comisión Técnica de Estudios y Proyectos Legislativos. Publicaciones$v9 | |
| 610 | 2 | 4 | _aUNIVERSIDAD NACIONAL AUTONOMA DE MEXICO$xLEYES Y REGLAMENTOS |
| 710 | 2 |
_aUniversidad Nacional Autónoma de México. _bComisión Técnicade Estudios y Proyectos Legislativos |
|
| 904 |
_aAC _b031920 |
||
| 905 | _aLibro | ||
| 999 |
_c31919 _d31919 |
||